| 000 | 00666nam a22002537a 4500 | ||
|---|---|---|---|
| 999 |
_c6517 _d6517 |
||
| 001 | 6517 | ||
| 003 | BD-JhCC | ||
| 005 | 20180124183411.0 | ||
| 008 | 180116s1966 AS ||||| ||a| 00| 0 eng d | ||
| 035 | _a(BD-JhCC)6517 | ||
| 040 |
_aBD-JhCC _dBD-JhCC |
||
| 041 | _aeng | ||
| 082 |
_a500 _bSCI 1966 |
||
| 100 | _aSmith, Herbert A. | ||
| 245 |
_aScience 2 / _cHerbert A. Smith; Milo K. Blecha and John Sternig |
||
| 250 | _a2nd ed. | ||
| 260 |
_aCalifornia : _bLaidlaw Brothers, _c1966 |
||
| 300 |
_a288 p. : _c26 cm. |
||
| 490 | _aThe Laidlaw Science Series | ||
| 650 | _aScience | ||
| 700 | _aBlecha, Milo K. | ||
| 700 | _aSternig, John | ||
| 942 |
_2ddc _cBK |
||